00226nam a2200085Ia 4500008004100000100003300041245002200074260003600096300000800132201216s9999 xx 000 0 und d aBrown, Richard Maxwell (ed.) 0aAmerican Violence aEnglewood CliffsbPrentice Hall a176